000
00335nam a22001457a 4500
003
SGT
020
_a
9788125062349
082
_a
810.9,DUT
100
_a
DUTTA, NANDANA
245
_a
AMERICAN LITERATURE
260
_a
INDIA
_b
ORIENT BLACK SWAN
_c
2020
300
_a
452
650
_a
American literature in English
942
_2
ddc
_c
BK
999
_c
22025
_d
22025